Cơ sở hóa học gỗ và xenluloza

Zapisane w:
Opis bibliograficzny
1. autor: Hồ Sĩ Tráng
Format: Książka
Język:Undetermined
Wydane: Hà Nội Khoa học Kỹ thuật 2003
Hasła przedmiotowe:
Etykiety: Dodaj etykietę
Nie ma etykietki, Dołącz pierwszą etykiete!
Thư viện lưu trữ: Trung tâm Học liệu Trường Đại học Cần Thơ
LEADER 00547nam a2200193Ia 4500
001 CTU_62578
008 210402s9999 xx 000 0 und d
020 |b 35000 
082 |a 547.782 
082 |b Tr106/T1 
100 |a Hồ Sĩ Tráng 
245 0 |a Cơ sở hóa học gỗ và xenluloza 
245 0 |c Hồ Sĩ Tráng 
260 |a Hà Nội 
260 |b Khoa học Kỹ thuật 
260 |c 2003 
650 |a chemistry, organic,cellulose 
904 |i Truc 
980 |a Trung tâm Học liệu Trường Đại học Cần Thơ